Регионална библиотека "Любен Каравелов" - Русе

Учениците на Саис (Запис номер 206417)

MARC детайли
000 -Лидер
Контролно поле с фиксирана дължина 01877nam a2200361 a 4500
003 - Код на организацията, давaща контролен номер
Контролно поле BLK
005 - Дата и час на последна редакция
Контролно поле 20230810115536.0
008 - Елементи от данни с фиксирана дължина
fixed length control field 180411b bul|||||r ||||||| ||bul||
010 ## - Наследен системен номер
LC control number KNG00216166000
020 ## - Международен стандартен номер на книга ISBN
Международен стандартен номер на книга ISBN 954-607-001-7
040 ## - Източник на каталожния запис
Идентификатор на билиотеката - собственик на записа BLK
041 ## - Код за език
Код за езика на текст/звукозапис или на отделно заглавие Български
Код за езика КДБФ Български
080 ## - УДК
Текстов определител УДК Немска литература
УДК код - определител по УДК 821.112.2
УДК определител -96
УДК - код + определител 821.112.2-96
100 1# - Редна дума - Автор
Автор Новалис
Авторска отговорност първи автор
Автор - информация (биография) Харденберг, Фридрих Филип Леополд барон фон
R(LIN) 103697
139 ## - Редно поле
Редна дума Новалис
Авторски знак Но - Н 85
245 10 - Сведения за заглавието
Заглавие Учениците на Саис
Подзаглавни данни Сб.
Редно поле (дума) Новалис; състав. Иван Колев; прев. от нем. Федя Филкова; прев. от нем. Никола Георгиев.
257 ## - Страна на издаване
Страна на създаване/издаване България
260 ## - Област на издателските данни
Място на издаване, разпространение и проч. София
Име на издателя, разпространителя и проч. ЛИК
Година на издаване 1993
300 ## - Физическа характеристика
Страници 220 с.
Размери/Мащаб 20 см
380 ## - Жанр
Жанр Худож. лит.
490 ## - СЕРИИ (Колекции)
Име на серия Библиотека Касталия
№: серия 2
500 ## - Общи забележки
Забележка Прев. е направен от Werke in vier Teilen / Novalis. - Съдържа и Новалис / В. Дилтай ; Прев. Н. Георгиев. - Новалис - псевд. на Фридрих-Леополд фон Харденберг. - Офс. изд. - Съдържа: Учениците от Саис ; Вяра и Любов или Кралят и Кралицата ; Християнството или Европа ; Фрагменти
700 1# - Други автори (авторска отговорност)
Лично име Колев, Иван
Автороска отговорност (Описва отношението между автора и произведението) състав.
9 (RLIN) 363827
700 1# - Други автори (авторска отговорност)
Лично име Филкова, Федя
Автороска отговорност (Описва отношението между автора и произведението) прев. от нем.
9 (RLIN) 366778
700 1# - Други автори (авторска отговорност)
Лично име Георгиев, Никола
Автороска отговорност (Описва отношението между автора и произведението) прев. от нем.
Друга информация Андреев, Никола Георгиев
9 (RLIN) 364530
852 ## - Местоположение
Форматна сигнатура Цб 176930
Фондова буква Хранилище
856 4# - Електронен адрес и достъп
Електронен формат pdf - файл
856 4# - Електронен адрес и достъп
Електронен формат pdf - файл
942 ## - АРТИКУЛИ
Вид на библиотечния материал Книги
Скрит в OPAC Не
944 ## - СЪЗДАВАНЕ И РЕДАКЦИЯ на ЗАПИСА
Създаване/Редакция Създаване
Дата на регистрацията/редакция 16.02.2018
Служител, извършил регистрацията/редакцията 30534
Статус, дата на статуса Радостина Карадакова
944 ## - СЪЗДАВАНЕ И РЕДАКЦИЯ на ЗАПИСА
Създаване/Редакция Редакция
Дата на регистрацията/редакция 16.02.2018
Служител, извършил регистрацията/редакцията Симона_Петрова
999 ## - СИСТЕМНИ КОНТРОЛНИ НОМЕРА
Koha biblionumber 206417
Koha biblioitemnumber 206417
999 ## - СИСТЕМНИ КОНТРОЛНИ НОМЕРА
Koha biblioitemnumber 206417
Наличности
Код за отписване Код за изгубен артикул Източник на класификационната схема Код за повреда Коз за рестрикции Код за отдаване Артикулен № Име на библиотеката - собственик Име на библиотеката, в която се намира в момента Статус (Текущо местоположение) Дата на вписване в системата Местоположение - отдел Цена в лева Инвентарен номер Систематично азбучна сигнатура Баркод Номер на екземпляра Цена в евро Служебна бележка Служебен тип на артикула
  Не е изгубен Universal Decimal Classification Не е повреден без рестрикции ползва се в читалня 355199 Регионална библиотека "Любен Каравелов" Русе Регионална библиотека "Любен Каравелов" Русе Хранилище 1993-01-01 Хранилище 0.00 585202 Цб 176930 120000585202 1 0.00 Дост: Dp Вид: Д N: стар фонд Дата: 01.01.1993 Книги
Изтеглен Не е изгубен Universal Decimal Classification Не е повреден без рестрикции заемане за дома 355200 Регионална библиотека "Любен Каравелов" Русе Регионална библиотека "Любен Каравелов" Русе Заемна - подръчен фонд 1993-01-01 Заемна - подръчен фонд 2.45 601676 П 830-9/Н 85 601676 2 1.25 Дост: DA Вид: А N: стар фонд Дата: 01.01.1993 Дата инв: 16.02.2018 Книги
Vip Innovations Ltd, Rousse, Bulgaria 2025